| 000 | 01262nam0a2200337 4500 | ||
|---|---|---|---|
| 001 | RU\NLR\bibl\1706013 | ||
| 005 | 20260406132758.0 | ||
| 010 |
_a978-5-8475-0577-2 _95000 |
||
| 021 |
_aRU _b2010-84023 _95609 |
||
| 035 | _a(nilc)RSL-KNO-004822659 | ||
| 035 | _a(NLR Aleph) 001697063 | ||
| 090 |
_a1196770 _c1196770 |
||
| 100 | _a20101101d2010 |||y0rusy50 ca | ||
| 101 | 1 |
_arus _ceng |
|
| 102 | _aRU | ||
| 105 | _aa ||||||||| | ||
| 200 | 1 |
_aРомео и Джульетта _aГамлет _eтрагедии _fУильям Шекспир _g[пер. с англ. Б. Пастернака] |
|
| 210 |
_aМосква _cМартин _d2010 |
||
| 215 |
_a270, [2] с. _cил. _d19 |
||
| 225 | 1 | _aКультовая классика | |
| 686 |
_aШ5(4Вл)43-661 _2rubbk |
||
| 686 |
_aШ5(2=Р)73-657Пастернак Б.Л. _2rubbk |
||
| 700 | 1 |
_4070 _8rus _7ca _aШекспир _bУ. _f1564-1616 _gУильям _3RU\NLR\auth\771995 _9112012 |
|
| 702 | 1 |
_4730 _8rus _7ca _aПастернак _bБ.Л. _f1890-1960 _gБорис Леонидович _3RU\NLR\auth\7737 _9110152 |
|
| 801 | 0 |
_aRU _bРГБ _c20101101 _grcr |
|
| 801 | 1 |
_aRU _bРГБ _c20101101 |
|
| 801 | 2 |
_aRU _bNLR _c20101125 _grcr |
|
| 830 | _aлица по базе | ||
| 942 | _cBOOK | ||
| 980 | _aNB | ||